Histoire de la conquete du mexique ou de la nouvelle espagne (Record no. 8230)

MARC details
000 -CABECERA
campo de control de longitud fija 01158nam a2200301 a 4500
001 - NÚMERO DE CONTROL
campo de control BRCA_8567
005 - FECHA Y HORA DE LA ÚLTIMA TRANSACCIÓN
campo de control 20190320210331.0
008 - DATOS DE LONGITUD FIJA--INFORMACIÓN GENERAL
campo de control de longitud fija 180816s1691----fr-a######---#000-0#fre-#
041 ## - CÓDIGO DE LENGUA
Código de lengua del texto/banda sonora o título independiente fre
044 ## - CÓDIGO DEL PAÍS DE LA ENTIDAD EDITORA/PRODUCTORA
Código MARC del país fr
050 #4 - SIGNATURA TOPOGRÁFICA DE LA BIBLIOTECA DEL CONGRESO
Número de clasificación F1201
Número de documento/Ítem .H577
-- 1691
245 10 - MENCIÓN DE TÍTULO
Título Histoire de la conquete du mexique ou de la nouvelle espagne
Mención de responsabilidad, etc. tr. Don Antoine de Solis.
260 ## - PUBLICACIÓN, DISTRIBUCIÓN, ETC.
Lugar de publicación, distribución, etc. París
Nombre del editor, distribuidor, etc. Chez Jeremie Bouillerot
Fecha de publicación, distribución, etc. 1691
300 ## - DESCRIPCIÓN FÍSICA
Extensión 624 p.
Otras características físicas il.
Dimensiones 25 cm
500 ## - NOTA GENERAL
Nota general Fondo antiguo
500 ## - NOTA GENERAL
Nota general Se encuentra en Caja Fuerte
500 ## - NOTA GENERAL
Nota general CG-11
500 ## - NOTA GENERAL
Nota general Igual a B-10
500 ## - NOTA GENERAL
Nota general Contiene prefacio
500 ## - NOTA GENERAL
Nota general Incluye índice de tablas de los capítulos contenidos en este volumen
500 ## - NOTA GENERAL
Nota general Con ex-libris de: Franz Mayer y American Chamber of Commerce in parís, Franklin library
500 ## - NOTA GENERAL
Nota general Nota de encuadernación: en piel con cartón, desgastada del lomo y esquinas de las tapas, tejuelos desprendidos
506 0# - NOTA DE RESTRICCIONES AL ACCESO
Limitaciones de acceso Fondo reservado: para su consulta es necesario credencial de usuario y carta de motivos
650 14 - PUNTO DE ACCESO ADICIONAL DE MATERIA--TÉRMINO DE MATERIA
Término de materia o nombre geográfico como elemento de entrada México
Término indicativo de función/relación Historia conquista
Subdivisión cronológica 1519-1540
9 (RLIN) 21454
700 1# - PUNTO DE ACCESO ADICIONAL--NOMBRE DE PERSONA
Nombre de persona De solis Antoine, tr.
9 (RLIN) 21455
902 ## - CATALOGADOR
Iniciales LAR
942 ## - ELEMENTOS DE PUNTO DE ACCESO ADICIONAL (KOHA)
Fuente del sistema de clasificación o colocación Library of Congress Classification
Tipo de ítem Koha Libros
Holdings
Estado de retiro Estado de pérdida Estado dañado No para préstamo Localización permanente Ubicación/localización actual Fecha de adquisición Número de inventario Total de préstamos Signatura topográfica completa Código de barras Fecha visto por última vez Precio válido a partir de Tipo de ítem Koha
El ejemplar forma parte de la colección y puede ser consultado según las políticas vigentes.       Biblioteca del Museo Franz Mayer (Rogerio Casas-Alatriste) Biblioteca del Museo Franz Mayer (Rogerio Casas-Alatriste) 18/08/2016 CG-11   F1201 .H577 1691 (CG-11) LAR00071 22/03/2019 22/03/2019 Libros